[Event "CXU Nytår 2015 Øbro"]
[Site "?"]
[Date "2015.12.28"]
[Round "2.1"]
[White "Thøgersen, 2169, Rasmus"]
[Black "Danielsen, 2502, GM Henrik"]
[Result "1-0"]
[BlackElo "2502"]
[WhiteElo "2169"]
[LiveChessVersion "1.4.6"]

1. e4 {[%clk 1:59:57]} d6 {[%clk 1:59:49]} 2. d4 {[%clk 1:59:47]} Nf6
{[%clk 1:59:38]} 3. Nc3 {[%clk 1:59:40]} e5 {[%clk 1:59:16]} 4. Nf3
{[%clk 1:59:31]} Nbd7 {[%clk 1:59:08]} 5. Bc4 {[%clk 1:59:24]} Be7
{[%clk 1:59:00]} 6. a4 {[%clk 1:59:16]} O-O {[%clk 1:58:44]} 7. O-O
{[%clk 1:59:10]} c6 {[%clk 1:58:39]} 8. h3 {[%clk 1:58:56]} Qc7 {[%clk 1:57:15]}
9. Re1 {[%clk 1:57:58]} b6 {[%clk 1:56:45]} 10. Ba2 {[%clk 1:55:45]} a6
{[%clk 1:55:45]} 11. d5 {[%clk 1:53:40]} c5 {[%clk 1:49:23]} 12. Be3
{[%clk 1:50:38]} Kh8 {[%clk 1:48:19]} 13. Qe2 {[%clk 1:47:35]} Ng8
{[%clk 1:45:21]} 14. Nd2 {[%clk 1:43:52]} g6 {[%clk 1:45:01]} 15. f4
{[%clk 1:34:01]} exf4 {[%clk 1:43:48]} 16. Bxf4 {[%clk 1:33:48]} f6
{[%clk 1:43:24]} 17. Rf1 {[%clk 1:24:03]} Kg7 {[%clk 1:39:55]} 18. Qe3
{[%clk 1:20:35]} Bb7 {[%clk 1:33:39]} 19. Bh2 {[%clk 1:14:22]} Nh6
{[%clk 1:33:02]} 20. Ne2 {[%clk 1:10:24]} Bc8 {[%clk 1:28:47]} 21. Nf4
{[%clk 1:05:14]} Ne5 {[%clk 1:28:39]} 22. Ne6+ {[%clk 1:03:30]} Bxe6
{[%clk 1:28:34]} 23. dxe6 {[%clk 1:03:24]} c4 {[%clk 1:28:13]} 24. Kh1
{[%clk 0:57:04]} b5 {[%clk 1:27:50]} 25. c3 {[%clk 0:47:13]} Qc8 {[%clk 1:25:14]}
26. b3 {[%clk 0:44:59]} Qxe6 {[%clk 1:24:10]} 27. bxc4 {[%clk 0:42:07]} bxc4
{[%clk 1:18:18]} 28. Rab1 {[%clk 0:33:45]} Qd7 {[%clk 1:13:57]} 29. Nxc4
{[%clk 0:28:04]} Nxc4 {[%clk 1:04:17]} 30. Bxc4 {[%clk 0:27:57]} Qxa4
{[%clk 1:03:35]} 31. Rb4 {[%clk 0:22:48]} Qd7 {[%clk 1:01:53]} 32. Rfb1
{[%clk 0:22:21]} Nf7 {[%clk 0:49:15]} 33. Rb7 {[%clk 0:19:50]} Qd8
{[%clk 0:48:57]} 34. Be6 {[%clk 0:17:45]} Qe8 {[%clk 0:44:34]} 35. Bd7
{[%clk 0:15:32]} Qd8 {[%clk 0:44:20]} 36. Bc6 {[%clk 0:14:31]} Qc8
{[%clk 0:38:20]} 37. Bd5 {[%clk 0:12:13]} Qd8 {[%clk 0:37:53]} 38. Bc6
{[%clk 0:04:25]} Qc8 {[%clk 0:37:06]} 39. Ba4 {[%clk 0:03:56]} Qd8
{[%clk 0:32:33]} 40. Rd7 {[%clk 0:01:59]} Qa5 {[%clk 0:32:28]} 41. Bc6
{[%clk 0:01:19]} Rac8 {[%clk 0:30:04]} 42. Bd5 {[%clk 0:29:32]} Rfe8
{[%clk 0:57:56]} 43. Qa7 {[%clk 0:25:29]} Kf8 {[%clk 0:55:52]} 44. Bxf7
{[%clk 0:24:03]} Ra8 {[%clk 0:55:15]} 45. Rxe7 {[%clk 0:18:52]} Rxa7
{[%clk 0:51:40]} 46. Rxa7 {[%clk 0:18:42]} Qc5 {[%clk 0:50:13]} 47. Bg1
{[%clk 0:18:14]} Qxa7 {[%clk 0:49:43]} 48. Bxa7 {[%clk 0:18:03]} Kxf7
{[%clk 0:49:38]} 49. Rb7+ {[%clk 0:16:53]} Re7 {[%clk 0:49:22]} 50. Rxe7+
{[%clk 0:16:41]} Kxe7 {[%clk 0:49:17]} 51. Kg1 {[%clk 0:15:53]} 1-0

[Event "CXU Nytår 2015 Øbro"]
[Site "?"]
[Date "2015.12.28"]
[Round "2.2"]
[White "Hector, 2499, GM Jonny"]
[Black "Henrik Thuesen, 2168, Mogens"]
[Result "1-0"]
[BlackElo "2168"]
[WhiteElo "2499"]
[LiveChessVersion "1.4.6"]

1. e4 {[%clk 1:59:55]} c5 {[%clk 1:56:52]} 2. Nf3 {[%clk 1:59:47]} Nc6
{[%clk 1:56:45]} 3. Nc3 {[%clk 1:59:41]} g6 {[%clk 1:51:50]} 4. Bc4
{[%clk 1:59:30]} Bg7 {[%clk 1:51:37]} 5. O-O {[%clk 1:59:21]} d6 {[%clk 1:51:22]}
6. h3 {[%clk 1:59:05]} Nf6 {[%clk 1:51:05]} 7. d3 {[%clk 1:58:49]} O-O
{[%clk 1:50:52]} 8. a3 {[%clk 1:58:33]} Bd7 {[%clk 1:47:36]} 9. Be3
{[%clk 1:57:16]} a6 {[%clk 1:35:53]} 10. Ba2 {[%clk 1:56:39]} b5 {[%clk 1:35:31]}
11. Qd2 {[%clk 1:53:40]} b4 {[%clk 1:34:01]} 12. axb4 {[%clk 1:52:52]} Nxb4
{[%clk 1:31:05]} 13. Bb3 {[%clk 1:49:40]} e5 {[%clk 1:20:17]} 14. Bg5
{[%clk 1:47:06]} Be6 {[%clk 1:18:05]} 15. Ra3 {[%clk 1:41:15]} Bxb3
{[%clk 1:11:23]} 16. Rxb3 {[%clk 1:41:03]} Qd7 {[%clk 1:10:43]} 17. Ra1
{[%clk 1:33:22]} Ne8 {[%clk 1:04:32]} 18. Na4 {[%clk 1:29:53]} Qe6
{[%clk 0:53:10]} 19. Nb6 {[%clk 1:26:43]} Ra7 {[%clk 0:50:16]} 20. Be3
{[%clk 1:20:22]} Nc7 {[%clk 0:37:54]} 21. Nc4 {[%clk 1:16:12]} Rb8
{[%clk 0:35:47]} 22. Ng5 {[%clk 1:12:22]} Qd7 {[%clk 0:34:59]} 23. c3
{[%clk 1:10:44]} Nc6 {[%clk 0:34:46]} 24. Rxb8+ {[%clk 1:10:02]} Nxb8
{[%clk 0:34:40]} 25. b4 {[%clk 1:09:24]} h6 {[%clk 0:19:22]} 26. Nf3
{[%clk 1:08:36]} Ne6 {[%clk 0:19:16]} 27. bxc5 {[%clk 1:07:44]} Nxc5
{[%clk 0:18:14]} 28. Bxc5 {[%clk 1:06:58]} dxc5 {[%clk 0:18:10]} 29. Nfxe5
{[%clk 1:06:05]} Qe6 {[%clk 0:16:14]} 30. f4 {[%clk 1:03:27]} Nd7
{[%clk 0:15:39]} 31. Ng4 {[%clk 0:57:55]} f5 {[%clk 0:14:58]} 32. exf5
{[%clk 0:55:15]} Qxf5 {[%clk 0:14:33]} 33. Rf1 {[%clk 0:53:15]} Nf6
{[%clk 0:13:56]} 34. Nge3 {[%clk 0:50:43]} Qe6 {[%clk 0:10:44]} 35. f5
{[%clk 0:50:04]} gxf5 {[%clk 0:10:39]} 36. Nxf5 {[%clk 0:48:19]} Rd7
{[%clk 0:09:55]} 37. Nxg7 {[%clk 0:45:08]} Kxg7 {[%clk 0:09:50]} 38. Ne3
{[%clk 0:42:06]} Qe5 {[%clk 0:05:55]} 39. Nf5+ {[%clk 0:41:37]} 1-0

[Event "CXU Nytår 2015 Øbro"]
[Site "?"]
[Date "2015.12.28"]
[Round "2.3"]
[White "Christensen, 2167, Janus"]
[Black "Haubro, 2365, FM Martin"]
[Result "0-1"]
[BlackElo "2365"]
[WhiteElo "2167"]
[LiveChessVersion "1.4.6"]

1. d4 {[%clk 1:59:55]} Nf6 {[%clk 1:59:54]} 2. c4 {[%clk 1:59:54]} e6
{[%clk 1:59:47]} 3. Nc3 {[%clk 1:59:29]} Bb4 {[%clk 1:59:40]} 4. e3
{[%clk 1:59:02]} O-O {[%clk 1:58:28]} 5. Bd3 {[%clk 1:58:17]} c5 {[%clk 1:55:58]}
6. a3 {[%clk 1:56:50]} Bxc3+ {[%clk 1:55:46]} 7. bxc3 {[%clk 1:56:46]} Nc6
{[%clk 1:54:40]} 8. Nf3 {[%clk 1:52:02]} d6 {[%clk 1:53:09]} 9. O-O
{[%clk 1:50:44]} e5 {[%clk 1:51:18]} 10. d5 {[%clk 1:49:42]} Ne7 {[%clk 1:50:04]}
11. Nd2 {[%clk 1:48:57]} Re8 {[%clk 1:48:57]} 12. f3 {[%clk 1:35:55]} Bf5
{[%clk 1:36:37]} 13. e4 {[%clk 1:34:40]} Bd7 {[%clk 1:36:32]} 14. Rb1
{[%clk 1:32:39]} Rb8 {[%clk 1:36:18]} 15. Qe1 {[%clk 1:27:18]} Ng6
{[%clk 1:32:38]} 16. g3 {[%clk 1:25:25]} Bh3 {[%clk 1:15:38]} 17. Rf2
{[%clk 1:25:17]} Qd7 {[%clk 1:15:22]} 18. Bf1 {[%clk 1:23:03]} Bxf1
{[%clk 1:07:59]} 19. Nxf1 {[%clk 1:22:49]} h6 {[%clk 1:04:05]} 20. Ne3
{[%clk 1:17:01]} Nh7 {[%clk 1:03:29]} 21. h4 {[%clk 1:12:11]} Ne7
{[%clk 0:51:25]} 22. g4 {[%clk 1:08:28]} Kh8 {[%clk 0:50:30]} 23. Rfb2
{[%clk 1:06:35]} h5 {[%clk 0:46:57]} 24. Qg3 {[%clk 1:01:18]} g6 {[%clk 0:41:56]}
25. g5 {[%clk 0:56:18]} Rf8 {[%clk 0:38:59]} 26. Ng2 {[%clk 0:53:18]} f5
{[%clk 0:34:31]} 27. gxf6 {[%clk 0:52:43]} Nxf6 {[%clk 0:34:22]} 28. Bg5
{[%clk 0:50:37]} Rf7 {[%clk 0:31:27]} 29. Rb5 {[%clk 0:45:58]} b6
{[%clk 0:29:36]} 30. a4 {[%clk 0:44:15]} Rbf8 {[%clk 0:28:35]} 31. a5
{[%clk 0:38:36]} Nc8 {[%clk 0:28:31]} 32. Be3 {[%clk 0:36:38]} Rg8
{[%clk 0:27:36]} 33. Bg5 {[%clk 0:30:12]} Qe8 {[%clk 0:24:25]} 34. R1b2
{[%clk 0:22:09]} Nh7 {[%clk 0:20:33]} 35. Bh6 {[%clk 0:19:59]} Qe7
{[%clk 0:19:29]} 36. Qh3 {[%clk 0:16:39]} g5 {[%clk 0:16:25]} 37. hxg5
{[%clk 0:16:21]} Nxg5 {[%clk 0:16:23]} 38. Bxg5 {[%clk 0:11:57]} Qxg5
{[%clk 0:16:21]} 39. Kh2 {[%clk 0:10:56]} h4 {[%clk 0:06:54]} 40. axb6
{[%clk 0:07:12]} axb6 {[%clk 0:00:15]} 41. Ra2 {[%clk 0:05:28]} Qg3+
{[%clk 0:28:54]} 42. Qxg3 {[%clk 0:35:22]} hxg3+ {[%clk 0:28:52]} 43. Kg1
{[%clk 0:34:49]} Rxf3 {[%clk 0:28:46]} 44. Nh4 {[%clk 0:32:13]} Rf4
{[%clk 0:27:52]} 45. Nf5 {[%clk 0:31:28]} Rxe4 {[%clk 0:27:42]} 46. Ra8
{[%clk 0:30:34]} Rf4 {[%clk 0:26:57]} 47. Rxc8 {[%clk 0:27:59]} Rxc8
{[%clk 0:26:08]} 48. Nxd6 {[%clk 0:27:53]} Rg8 {[%clk 0:25:49]} 49. Rxb6
{[%clk 0:27:21]} g2 {[%clk 0:25:18]} 50. Rb1 {[%clk 0:27:16]} e4 {[%clk 0:25:10]}
51. Nb7 {[%clk 0:20:32]} e3 {[%clk 0:25:01]} 52. Nxc5 {[%clk 0:20:20]} e2
{[%clk 0:24:52]} 53. Nd3 {[%clk 0:19:55]} Rf1+ {[%clk 0:24:45]} 0-1

[Event "CXU Nytår 2015 Øbro"]
[Site "?"]
[Date "2015.12.28"]
[Round "2.4"]
[White "Mørch Lauridsen, 2320, FM Jesper"]
[Black "Haarmark Nielsen, 2167, Viktor"]
[Result "1/2-1/2"]
[BlackElo "2167"]
[WhiteElo "2320"]
[LiveChessVersion "1.4.6"]

1. e4 {[%clk 1:59:54]} e5 {[%clk 1:59:55]} 2. d4 {[%clk 1:58:45]} exd4
{[%clk 1:59:43]} 3. c3 {[%clk 1:58:21]} d5 {[%clk 1:59:34]} 4. exd5
{[%clk 1:58:00]} Qxd5 {[%clk 1:59:18]} 5. cxd4 {[%clk 1:57:32]} Nc6
{[%clk 1:59:11]} 6. Be3 {[%clk 1:56:08]} Bb4+ {[%clk 1:54:02]} 7. Nc3
{[%clk 1:55:56]} Nge7 {[%clk 1:51:54]} 8. Nf3 {[%clk 1:49:41]} Qa5
{[%clk 1:48:31]} 9. Qd2 {[%clk 1:41:46]} Bg4 {[%clk 1:41:17]} 10. Be2
{[%clk 1:33:12]} O-O-O {[%clk 1:34:35]} 11. O-O {[%clk 1:32:27]} Nd5
{[%clk 1:21:32]} 12. Rac1 {[%clk 1:31:46]} f5 {[%clk 1:19:59]} 13. a3
{[%clk 1:17:52]} Bxc3 {[%clk 1:15:52]} 14. bxc3 {[%clk 1:17:47]} Qxa3
{[%clk 1:15:40]} 15. Bg5 {[%clk 1:12:36]} Rde8 {[%clk 1:14:21]} 16. c4
{[%clk 0:44:22]} Nf6 {[%clk 1:00:29]} 17. Bxf6 {[%clk 0:41:59]} gxf6
{[%clk 1:00:27]} 18. Ra1 {[%clk 0:10:24]} Qd6 {[%clk 0:44:14]} 19. Rad1
{[%clk 0:04:02]} Rhg8 {[%clk 0:42:19]} 20. Kh1 {[%clk 0:03:43]} Qb4
{[%clk 0:33:08]} 21. Qc2 {[%clk 0:03:26]} Qd6 {[%clk 0:32:04]} 22. h3
{[%clk 0:02:26]} Rxe2 {[%clk 0:29:41]} 23. Qxe2 {[%clk 0:02:22]} Bxf3
{[%clk 0:29:34]} 24. gxf3 {[%clk 0:01:39]} Rd8 {[%clk 0:26:27]} 25. d5
{[%clk 0:01:32]} Ne5 26. f4 Ng6 {[%clk 0:25:39]} 27. Qe6+ {[%clk 0:01:31]} Qxe6
{[%clk 0:23:49]} 28. dxe6 {[%clk 0:01:30]} Re8 {[%clk 0:23:27]} 29. Rd7
{[%clk 0:01:05]} h5 {[%clk 0:21:36]} 30. Rfd1 {[%clk 0:00:58]} Nxf4
{[%clk 0:21:13]} 31. e7 {[%clk 0:00:47]} Ne6 {[%clk 0:21:12]} 32. c5
{[%clk 0:00:32]} a5 {[%clk 0:21:05]} 33. Kg2 {[%clk 0:00:20]} a4 {[%clk 0:20:06]}
34. c6 {[%clk 0:00:19]} bxc6 {[%clk 0:20:00]} 35. Kf1 {[%clk 0:00:19]} c5
{[%clk 0:19:21]} 36. R7d5 {[%clk 0:00:13]} Rxe7 {[%clk 0:17:36]} 37. Rxf5
{[%clk 0:00:12]} Kb7 {[%clk 0:14:27]} 1/2-1/2

[Event "CXU Nytår 2015 Øbro"]
[Site "?"]
[Date "2015.12.28"]
[Round "2.5"]
[White "Haubro, 2158, Sigfred"]
[Black "Bech Hansen, 2297, FM Søren"]
[Result "0-1"]
[BlackElo "2297"]
[WhiteElo "2158"]
[LiveChessVersion "1.4.6"]

1. b4 {[%clk 1:59:56]} d5 {[%clk 1:59:43]} 2. Bb2 {[%clk 1:59:49]} Qd6
{[%clk 1:59:38]} 3. a3 {[%clk 1:59:29]} e5 {[%clk 1:59:28]} 4. e3
{[%clk 1:58:48]} Nd7 {[%clk 1:58:18]} 5. c4 {[%clk 1:56:35]} c6 {[%clk 1:58:11]}
6. Nf3 {[%clk 1:54:48]} Be7 {[%clk 1:57:44]} 7. cxd5 {[%clk 1:52:41]} cxd5
{[%clk 1:57:34]} 8. Bb5 {[%clk 1:52:03]} Bf6 {[%clk 1:57:14]} 9. O-O
{[%clk 1:50:21]} Ne7 {[%clk 1:57:08]} 10. Be2 {[%clk 1:45:49]} O-O
{[%clk 1:53:38]} 11. d3 {[%clk 1:45:07]} a6 {[%clk 1:49:20]} 12. Nbd2
{[%clk 1:44:05]} Re8 {[%clk 1:44:29]} 13. e4 {[%clk 1:41:15]} Ng6
{[%clk 1:41:01]} 14. g3 {[%clk 1:39:09]} b5 {[%clk 1:34:40]} 15. exd5
{[%clk 1:36:32]} Bb7 {[%clk 1:32:50]} 16. Ne4 {[%clk 1:34:54]} Qxd5
{[%clk 1:32:20]} 17. Rc1 {[%clk 1:31:16]} Rac8 {[%clk 1:27:19]} 18. Qd2
{[%clk 1:30:23]} Be7 {[%clk 1:23:46]} 19. Nc3 {[%clk 1:26:03]} Qd6
{[%clk 1:21:33]} 20. Rfd1 {[%clk 1:22:17]} h6 {[%clk 1:19:35]} 21. Ne4
{[%clk 1:19:25]} Qe6 {[%clk 1:17:06]} 22. Rxc8 {[%clk 1:18:31]} Rxc8
{[%clk 1:16:44]} 23. Rc1 {[%clk 1:18:19]} Rxc1+ {[%clk 1:15:36]} 24. Qxc1
{[%clk 1:18:09]} f5 {[%clk 1:14:32]} 25. Nc5 {[%clk 1:06:43]} Nxc5
{[%clk 1:11:14]} 26. bxc5 {[%clk 1:06:35]} Qd5 {[%clk 1:09:33]} 27. d4
{[%clk 1:05:50]} Bf6 {[%clk 0:55:31]} 28. a4 {[%clk 0:58:55]} exd4
{[%clk 0:53:56]} 29. axb5 {[%clk 0:57:54]} axb5 {[%clk 0:52:07]} 30. Bxb5
{[%clk 0:46:27]} Ne5 {[%clk 0:48:01]} 31. Nxe5 {[%clk 0:36:52]} Qg2# 0-1

[Event "CXU Nytår 2015 Øbro"]
[Site "?"]
[Date "2015.12.28"]
[Round "2.6"]
[White "Søndergård Thybo, 2289, FM Jesper"]
[Black "Svanholm Fogh, 2128, Jens"]
[Result "1/2-1/2"]
[BlackElo "2128"]
[WhiteElo "2289"]
[LiveChessVersion "1.4.6"]

1. d4 {[%clk 1:59:56]} d5 {[%clk 1:59:25]} 2. c4 {[%clk 1:59:48]} c6
{[%clk 1:57:46]} 3. Nf3 {[%clk 1:59:35]} Nf6 {[%clk 1:53:57]} 4. e3
{[%clk 1:58:26]} Bg4 {[%clk 1:49:23]} 5. Nc3 {[%clk 1:53:47]} e6 {[%clk 1:46:39]}
6. Qb3 {[%clk 1:50:01]} Qc7 {[%clk 1:38:25]} 7. Ne5 {[%clk 1:48:32]} Bf5
{[%clk 1:35:14]} 8. Be2 {[%clk 1:47:40]} Nbd7 {[%clk 1:34:02]} 9. f4
{[%clk 1:44:09]} Nxe5 {[%clk 1:26:52]} 10. fxe5 {[%clk 1:43:56]} Ne4
{[%clk 1:26:17]} 11. cxd5 {[%clk 1:41:10]} exd5 {[%clk 1:24:26]} 12. O-O
{[%clk 1:39:51]} Bg6 {[%clk 1:16:44]} 13. Bf3 {[%clk 1:36:47]} Ng5
{[%clk 1:11:03]} 14. Bg4 {[%clk 1:32:35]} Ne4 {[%clk 1:02:19]} 15. Bf5
{[%clk 1:29:20]} Bxf5 {[%clk 0:59:25]} 16. Rxf5 {[%clk 1:29:12]} Qd7
{[%clk 0:54:44]} 17. Rf1 {[%clk 1:26:03]} Nxc3 {[%clk 0:45:11]} 18. bxc3
{[%clk 1:25:57]} Be7 {[%clk 0:42:02]} 19. e4 {[%clk 1:25:28]} O-O
{[%clk 0:41:37]} 20. exd5 {[%clk 1:25:07]} cxd5 {[%clk 0:40:21]} 21. a4
{[%clk 1:23:47]} b6 {[%clk 0:37:17]} 22. Qb5 {[%clk 1:21:48]} Qe6
{[%clk 0:34:22]} 23. Bd2 {[%clk 1:20:57]} Rfc8 {[%clk 0:30:15]} 24. a5
{[%clk 1:19:53]} Rcb8 {[%clk 0:26:53]} 25. axb6 {[%clk 1:18:34]} Rxb6
{[%clk 0:25:40]} 26. Qa5 {[%clk 1:17:13]} a6 {[%clk 0:18:17]} 27. c4
{[%clk 1:13:25]} Rd8 {[%clk 0:11:04]} 28. c5 {[%clk 1:13:05]} Rc6
{[%clk 0:11:02]} 29. Rfb1 {[%clk 1:10:29]} f6 {[%clk 0:07:48]} 30. Bf4
{[%clk 1:09:12]} Rdc8 {[%clk 0:06:13]} 31. Re1 {[%clk 1:07:50]} Qg4
{[%clk 0:05:28]} 32. Qd2 {[%clk 1:07:28]} Re6 {[%clk 0:03:01]} 33. h3
{[%clk 1:06:18]} Qf5 {[%clk 0:02:41]} 34. Rf1 {[%clk 1:05:17]} Qg6
{[%clk 0:02:38]} 35. Rae1 {[%clk 1:04:47]} fxe5 {[%clk 0:01:58]} 36. Bxe5
{[%clk 1:04:41]} Bf6 {[%clk 0:01:45]} 37. Bxf6 {[%clk 1:01:37]} Rxf6
{[%clk 0:01:43]} 38. Rxf6 {[%clk 1:01:11]} Qxf6 {[%clk 0:01:41]} 39. Qe3
{[%clk 1:01:05]} h6 {[%clk 0:00:20]} 40. Qe6+ {[%clk 0:57:37]} Qxe6
{[%clk 0:00:19]} 41. Rxe6 {[%clk 0:57:32]} Ra8 {[%clk 0:27:40]} 42. Rd6
{[%clk 1:27:01]} a5 {[%clk 0:27:13]} 43. c6 {[%clk 1:21:18]} Rc8 {[%clk 0:26:47]}
44. Rxd5 {[%clk 1:20:43]} Rxc6 {[%clk 0:26:20]} 45. Rxa5 {[%clk 1:20:33]} Rc2
{[%clk 0:25:28]} 46. Re5 {[%clk 1:19:09]} Kf7 {[%clk 0:23:09]} 47. Kh2
{[%clk 1:16:46]} Rd2 {[%clk 0:20:15]} 48. Re4 {[%clk 1:16:30]} Rd3
{[%clk 0:19:21]} 49. Rf4+ {[%clk 1:15:59]} Ke6 {[%clk 0:18:25]} 50. Re4+
{[%clk 1:15:18]} Kf5 {[%clk 0:17:35]} 51. Re5+ {[%clk 1:14:02]} Kf6
{[%clk 0:17:11]} 52. Re4 {[%clk 1:13:34]} Kf5 {[%clk 0:16:58]} 53. Re7
{[%clk 1:13:26]} g6 {[%clk 0:13:14]} 54. Rf7+ {[%clk 1:11:57]} Ke6
{[%clk 0:12:44]} 55. Rf4 {[%clk 1:11:43]} g5 {[%clk 0:12:31]} 56. Re4+
{[%clk 1:07:52]} Kf5 {[%clk 0:12:04]} 57. Re5+ {[%clk 1:07:37]} Kf6
{[%clk 0:08:40]} 58. Rd5 {[%clk 1:07:25]} h5 {[%clk 0:07:01]} 59. Rd6+
{[%clk 1:06:42]} Kf5 {[%clk 0:06:47]} 60. Rd8 {[%clk 1:03:32]} g4
{[%clk 0:05:47]} 61. h4 {[%clk 1:02:41]} Ke4 {[%clk 0:02:38]} 62. Re8+
{[%clk 1:01:18]} Kxd4 {[%clk 0:02:02]} 63. Rh8 {[%clk 1:00:54]} Ke4
{[%clk 0:01:55]} 64. Rxh5 {[%clk 1:00:14]} Kf4 {[%clk 0:01:55]} 65. Rh8
{[%clk 0:59:50]} Kf5 {[%clk 0:01:51]} 66. Rh5+ {[%clk 0:58:47]} Kf4
{[%clk 0:01:40]} 67. Ra5 {[%clk 0:58:23]} Rc3 {[%clk 0:01:31]} 68. Ra8
{[%clk 0:57:05]} Rb3 {[%clk 0:01:28]} 69. Rf8+ {[%clk 0:55:44]} Ke5
{[%clk 0:01:25]} 70. h5 {[%clk 0:55:17]} Ke4 {[%clk 0:01:14]} 71. h6
{[%clk 0:54:12]} Rb6 {[%clk 0:01:14]} 72. Rh8 {[%clk 0:54:05]} Kf5
{[%clk 0:01:13]} 73. Kg3 {[%clk 0:52:18]} Kg5 {[%clk 0:01:12]} 74. Rg8+
{[%clk 0:51:22]} Kxh6 {[%clk 0:01:10]} 75. Rxg4 {[%clk 0:51:15]} Kh7
{[%clk 0:00:57]} 76. Re4 {[%clk 0:50:01]} Ra6 {[%clk 0:00:56]} 77. Re5
{[%clk 0:49:22]} Kg6 {[%clk 0:00:56]} 78. Kh4 Rb6 79. Rc5 {[%clk 0:48:43]} Kf6
{[%clk 0:00:55]} 80. Kh5 {[%clk 0:47:47]} Kg7 {[%clk 0:00:54]} 81. Rc7+
{[%clk 0:47:15]} Kg8 {[%clk 0:00:54]} 82. g4 {[%clk 0:46:51]} Ra6
{[%clk 0:00:51]} 83. g5 {[%clk 0:45:56]} Rb6 {[%clk 0:00:50]} 84. Ra7
{[%clk 0:45:11]} Rc6 {[%clk 0:00:48]} 85. Kg4 {[%clk 0:41:44]} Rb6
{[%clk 0:00:47]} 86. Ra5 {[%clk 0:40:18]} Rc6 {[%clk 0:00:47]} 87. Kf5
{[%clk 0:40:11]} Rb6 {[%clk 0:00:46]} 88. Rc5 {[%clk 0:39:21]} Ra6
{[%clk 0:00:46]} 89. Rc8+ {[%clk 0:39:15]} Kg7 {[%clk 0:00:45]} 90. Rc7+
{[%clk 0:38:21]} Kg8 {[%clk 0:00:44]} 91. Ke5 {[%clk 0:34:22]} Rb6
{[%clk 0:00:44]} 92. Rc3 {[%clk 0:34:10]} Ra6 {[%clk 0:00:43]} 93. Rf3
{[%clk 0:34:00]} Kg7 {[%clk 0:00:42]} 94. Kf5 {[%clk 0:33:29]} Ra5+
{[%clk 0:00:42]} 95. Kg4 {[%clk 0:33:18]} Ra4+ {[%clk 0:00:42]} 96. Kh5 Ra6 97.
Rc3 {[%clk 0:32:54]} Rb6 {[%clk 0:00:41]} 98. Rc8 {[%clk 0:32:39]} Ra6
{[%clk 0:00:41]} 99. Rc5 {[%clk 0:32:17]} Rb6 {[%clk 0:00:40]} 100. g6
{[%clk 0:32:04]} Rb1 101. Rc7+ {[%clk 0:31:59]} Kg8 {[%clk 0:00:38]} 102. Rf7
1/2-1/2

[Event "CXU Nytår 2015 Øbro"]
[Site "?"]
[Date "2015.12.28"]
[Round "2.7"]
[White "Jørgen Jørgensen, 2270, Brian"]
[Black "Sylvester Christensen, 2109, Christian"]
[Result "1-0"]
[BlackElo "2109"]
[WhiteElo "2270"]
[LiveChessVersion "1.4.6"]

1. d4 {[%clk 1:59:58]} Nf6 {[%clk 1:59:00]} 2. c4 {[%clk 1:59:51]} e6
{[%clk 1:58:51]} 3. Nc3 {[%clk 1:59:44]} d5 {[%clk 1:58:47]} 4. cxd5
{[%clk 1:59:27]} exd5 {[%clk 1:58:45]} 5. Bg5 {[%clk 1:59:16]} c6
{[%clk 1:58:36]} 6. Qc2 {[%clk 1:56:46]} Be7 {[%clk 1:58:14]} 7. e3
{[%clk 1:56:16]} Nbd7 {[%clk 1:57:57]} 8. Bd3 {[%clk 1:56:00]} Nh5
{[%clk 1:57:30]} 9. Bxe7 {[%clk 1:54:50]} Qxe7 {[%clk 1:57:28]} 10. O-O-O
{[%clk 1:53:01]} g6 {[%clk 1:57:22]} 11. h3 {[%clk 1:52:07]} Ng7 {[%clk 1:56:30]}
12. g4 {[%clk 1:48:13]} Nb6 {[%clk 1:51:30]} 13. Nf3 {[%clk 1:45:16]} Be6
{[%clk 1:49:20]} 14. Kb1 {[%clk 1:43:17]} O-O-O {[%clk 1:48:31]} 15. Rc1
{[%clk 1:38:00]} Kb8 {[%clk 1:48:22]} 16. Na4 {[%clk 1:18:49]} Nxa4
{[%clk 1:48:14]} 17. Qxa4 {[%clk 1:18:45]} Ne8 {[%clk 1:43:32]} 18. Rc3
{[%clk 1:09:15]} Nd6 {[%clk 1:43:26]} 19. Ra3 {[%clk 1:08:16]} Nc8
{[%clk 1:43:24]} 20. Rc1 {[%clk 1:05:09]} Rd6 {[%clk 1:10:46]} 21. Be2
{[%clk 0:53:32]} f6 {[%clk 1:08:09]} 22. Ne1 {[%clk 0:48:33]} Bd7
{[%clk 1:06:56]} 23. Qa5 {[%clk 0:43:38]} h5 {[%clk 1:02:52]} 24. Nd3
{[%clk 0:41:31]} b6 {[%clk 1:00:56]} 25. Qe1 {[%clk 0:37:17]} hxg4
{[%clk 1:00:10]} 26. hxg4 {[%clk 0:37:11]} g5 {[%clk 0:47:05]} 27. Nb4
{[%clk 0:27:53]} Qe4+ {[%clk 0:46:15]} 28. Ka1 {[%clk 0:26:28]} Qg2
{[%clk 0:45:55]} 29. Ba6 {[%clk 0:22:13]} Qxg4 {[%clk 0:36:08]} 30. Bxc8
{[%clk 0:19:21]} Rxc8 {[%clk 0:36:00]} 31. Na6+ {[%clk 0:18:56]} Ka8
{[%clk 0:23:54]} 32. Qb4 {[%clk 0:17:44]} c5 {[%clk 0:19:20]} 33. Qe1
{[%clk 0:07:20]} c4 {[%clk 0:17:46]} 34. Qb4 {[%clk 0:04:58]} Qe6
{[%clk 0:17:35]} 35. f3 {[%clk 0:02:30]} Bc6 {[%clk 0:08:45]} 36. Rh1
{[%clk 0:01:15]} Rd7 {[%clk 0:05:22]} 37. Qd2 {[%clk 0:00:55]} Bb7
{[%clk 0:04:34]} 38. Nb4 {[%clk 0:00:50]} Re7 {[%clk 0:03:47]} 39. Nc2
{[%clk 0:00:29]} Qf5 {[%clk 0:02:37]} 40. Ne1 Rce8 {[%clk 0:01:46]} 41. Rc3
{[%clk 0:26:44]} Rh7 {[%clk 0:30:26]} 42. Rxh7 {[%clk 0:24:57]} Qxh7
{[%clk 0:30:25]} 43. Rc1 {[%clk 0:22:55]} Bc8 {[%clk 0:24:37]} 44. Nc2
{[%clk 0:22:22]} Qe7 {[%clk 0:23:38]} 45. Re1 {[%clk 0:21:14]} Bf5
{[%clk 0:22:10]} 46. Nb4 {[%clk 0:20:40]} Qd6 {[%clk 0:20:54]} 47. a3
{[%clk 0:20:31]} Bg6 {[%clk 0:20:03]} 48. Qg2 {[%clk 0:18:32]} a5
{[%clk 0:16:47]} 49. Na2 {[%clk 0:18:05]} b5 {[%clk 0:15:13]} 50. Qd2
{[%clk 0:16:41]} Qb6 {[%clk 0:14:16]} 51. Nc3 {[%clk 0:16:14]} Rd8
{[%clk 0:12:50]} 52. Rh1 {[%clk 0:14:26]} b4 {[%clk 0:11:03]} 53. Na4
{[%clk 0:13:05]} Qb5 {[%clk 0:10:51]} 54. Nc5 {[%clk 0:12:37]} c3
{[%clk 0:05:27]} 55. bxc3 {[%clk 0:11:39]} bxa3 {[%clk 0:05:27]} 56. Qa2
{[%clk 0:10:25]} Rb8 {[%clk 0:04:05]} 57. Qxd5+ Ka7 58. Qd7+ {[%clk 0:08:47]}
Qxd7 {[%clk 0:03:28]} 59. Nxd7 {[%clk 0:08:42]} Rb3 {[%clk 0:03:12]} 60. Rc1
{[%clk 0:08:19]} Rb2 {[%clk 0:02:48]} 61. Nxf6 {[%clk 0:07:18]} Kb6
{[%clk 0:02:36]} 62. Nd5+ {[%clk 0:07:03]} Kb5 {[%clk 0:02:26]} 63. c4+
{[%clk 0:06:12]} Ka4 {[%clk 0:02:25]} 64. e4 {[%clk 0:05:53]} g4 {[%clk 0:02:01]}
65. Rc3 {[%clk 0:02:28]} gxf3 {[%clk 0:01:55]} 66. Rxf3 {[%clk 0:02:19]} Bxe4 67.
Nc3+ {[%clk 0:02:16]} Kb3 {[%clk 0:01:25]} 68. Nxe4+ {[%clk 0:02:11]} Kxc4
{[%clk 0:01:24]} 69. Rxa3 {[%clk 0:02:05]} Re2 {[%clk 0:01:08]} 70. Ra4+
{[%clk 0:01:45]} Kb3 {[%clk 0:00:54]} 71. Nc5+ {[%clk 0:01:43]} Kc3
{[%clk 0:00:49]} 72. d5 {[%clk 0:01:33]} Re1+ {[%clk 0:00:46]} 73. Ka2
{[%clk 0:01:32]} Rd1 {[%clk 0:00:45]} 74. Ne4+ {[%clk 0:01:24]} Kc2
{[%clk 0:00:37]} 75. d6 {[%clk 0:01:15]} Rd3 {[%clk 0:00:32]} 76. Rc4+
{[%clk 0:01:07]} Kd1 {[%clk 0:00:21]} 77. Nf2+ {[%clk 0:01:06]} Ke2
{[%clk 0:00:20]} 78. Nxd3 {[%clk 0:01:04]} Kxd3 {[%clk 0:00:20]} 79. Rc5
{[%clk 0:01:02]} Kd4 {[%clk 0:00:18]} 80. Rxa5 {[%clk 0:01:01]} 1-0